| 000 | 00676nam a2200229 a 4500 | ||
|---|---|---|---|
| 005 | 20240925064108.0 | ||
| 008 | 991125s1993 bue 000 0 spa u | ||
| 020 | _a9506022852 | ||
| 035 | _aUPN01000008756 | ||
| 049 | _aCG | ||
| 050 | 4 |
_aBF723 S6 _bD8.28 |
|
| 100 | 1 |
_aDunn, Judy, _d1939- |
|
| 245 | 1 | 4 |
_aLos comienzos de la comprensión social / _cJudy Dunn, Horacio Pons. |
| 260 |
_aBuenos Aires : _bNueva Visión, _c1993. |
||
| 300 |
_a218 p. : _bgráfs. |
||
| 440 | 0 | _aAlternativas en salud mental | |
| 650 | 4 |
_aNiño, Estudio del _9221 |
|
| 650 | 4 |
_aSocialización del niño _93953 |
|
| 650 | 4 |
_aFamilias _944286 |
|
| 700 | 1 |
_aPons, Horacio, _ecoaut. |
|
| 905 | _aLibro | ||
| 999 |
_c8756 _d8756 |
||